| 000 | 01083nam1a2200301 i 4500 | ||
|---|---|---|---|
| 001 | RU\NLR\bibl\1685580 | ||
| 005 | 20260406140805.0 | ||
| 035 | _a(NLR Aleph) 001676753 | ||
| 090 |
_a1075811 _c1075811 |
||
| 100 | _a20101012d20109999u y0rusy50 ca | ||
| 101 | 1 |
_arus _ceng |
|
| 102 | _aRU | ||
| 105 | _a||||z ||||| | ||
| 200 | 1 |
_aПриключения Михея Кларка _e[роман] _fСэр Артур Конан Дойл _g[ил. А. Данилина] |
|
| 210 |
_aМосква _cМир книги _cЛитература _d2010 |
||
| 215 | _d21 | ||
| 225 | 1 | _aСобрание сочинений | |
| 463 | 0 | _10011678873 | |
| 463 | 0 | _10011682858 | |
| 686 | 1 | _aШ6(4Вл)57-440.4{Лх1297-45} | |
| 700 | 1 |
_4070 _7ca _8rus _aДойл _bА. К. _f1859-1930 _gАртур Конан _9113265 _3RU\NLR\auth\773259 |
|
| 702 | 1 |
_4440 _7ca _8rus _aДанилин _bА. _cхудожник _947544 _3RU\NLR\AUTH\7764615 |
|
| 801 | 0 |
_aRU _bNLR _c20101012 _gRCR |
|
| 801 | 1 |
_aRU _bNLR _c20101012 |
|
| 852 |
_aNLR _j2010-3/31779 |
||
| 942 | _cBOOK | ||